• 首页
  • 本馆介绍
  • 公告通知
  • 最新文献
  • 馆藏检索
  • 电子资源
  • 读者导购
  • 参考咨询
  • 我的图书馆
  • 登录
  • 详细信息显示
  • 放入我的书架
  • 预约/预借图书
  • 作者相关作品
  • 分类相关作品
  • 丛书相关作品
  • 出版社相关作品

书目信息

  • 表格格式
  • 工作单格式
  • 卡片格式
题名:
逆流而上
    
 
作者: 平鑫涛 著
分册:  
出版信息: 武汉   长江文艺出版社  2005
页数: 231页
开本: 21cm
丛书名:
单 册:
中图分类: K825.42
科图分类:
主题词: 出版工作者 , 出版工作者--自传--中国--现代
电子资源:
ISBN: 7-5354-2901-7
000 00750nam0 2200265 45
001 060000023680
005 20051129093635.46
010    @a7-5354-2901-7@dCNY20.00
092    @aCN
100    @a20050325d2005 ekmy0chiy0120 ea
101 0  @achi
102    @aCN@b420000
105    @ay z 000ya
200 1  @a逆流而上@9ni liu er shang@e平鑫涛自传@f平鑫涛著@Fping xin tao zhu
210    @a武汉@c长江文艺出版社@d2005
215    @a231页@d21cm
517 1  @a平鑫涛自传@9ping xin tao zi zhuan
600  0 @a平鑫涛@f1927~@x自传
606 0  @a出版工作者
606 0  @a出版工作者@x自传@y中国@z现代
690    @aK825.42@v4
701  0 @a平鑫涛@Aping xin tao@4著
801  0 @aCN@bCXYBOOK@c20051129
905    @a10447@dK825.42@e370PX
999    @aYYW@eDF
    
    逆流而上:平鑫涛自传/平鑫涛著.-武汉:长江文艺出版社,2005
    231页;21cm
    
    
    ISBN 7-5354-2901-7:CNY20.00
    
●
相关链接 在E读中查询图书 在五车中查询图书 在当当中查询图书 在豆瓣中查询图书


正题名:逆流而上     索取号:K825.42/370PX         预约/预借

序号 登录号 条形码 馆藏地/架位号 状态 备注
1 0369554   203695545   第二样本阅览室/ [索取号:K825.42/370PX] 在馆    
2 0369555   203695554   第二借阅区/ [索取号:K825.42/370PX] 在馆    
3 0369556   203695563   第二借阅区/ [索取号:K825.42/370PX] 在馆    
4 0369557   203695572   第二借阅区/ [索取号:K825.42/370PX] 在馆    
5 0369558   203695581   第二借阅区/ [索取号:K825.42/370PX] 在馆    
唐山师范学院图书馆 欢迎您!
大连网信软件有限公司© 版权所有